| 000 | 00370 a2200169 4500 | ||
|---|---|---|---|
| 001 | 78984 | ||
| 020 | _a9695030947 | ||
| 082 | _a891.42 SHA | ||
| 090 |
_c39517 _d39517 |
||
| 100 | _aSyed Waris Shah | ||
| 245 |
_aHeer [punjabi] _hPunjabi |
||
| 250 | _a1 | ||
| 260 |
_aLahore _bAl Faisal _c2001 |
||
| 300 | _a493 | ||
| 500 | _aGeneral Books | ||
| 505 | _aAHQ Books | ||
| 942 |
_aNUST-CAE _k891.42 SHA |
||
| 999 |
_c314057 _d314057 |
||